Continuous frames of reinforced concrete / (Record no. 101660)

MARC details
000 -CABECERA
campo de control de longitud fija 00574nam a2200193 a 4500
005 - FECHA Y HORA DE LA ÚLTIMA TRANSACCIÓN
campo de control 20210223125141.0
008 - ELEMENTOS DE LONGITUD FIJA--INFORMACIÓN GENERAL
campo de control de longitud fija 031002s1932 ea r 000 0 eng d
035 ## - NÚMERO DE CONTROL DEL SISTEMA
Número de control de sistema UPN01000129488
049 ## - COLECCIÓN
Colección CG
050 #4 - SIGNATURA TOPOGRÁFICA DE LA BIBLIOTECA DEL CONGRESO
Número de clasificación TA633
Número de documento/Ítem C7.2
100 1# - ASIENTO PRINCIPAL--NOMBRE PERSONAL
Nombre de persona Cross, Hardy
245 10 - MENCIÓN DE TÍTULO
Título Continuous frames of reinforced concrete /
Mención de responsabilidad, etc. by Hardy Cross and Newlin Dolbey Morgan.
260 ## - PUBLICACIÓN, DISTRIBUCIÓN, ETC.
Lugar de publicación, distribución, etc. New York :
Nombre del editor, distribuidor, etc. J. Wiley,
Fecha de publicación, distribución, etc. c1932.
300 ## - DESCRIPCIÓN FÍSICA
Extensión 343 p. :
Otras características físicas il.
650 #4 - ASIENTO SECUNDARIO DE MATERIA - TERMINO TEMATICO
Término de materia o nombre geográfico como elemento de entrada INGENIERIA CIVIL
650 #4 - ASIENTO SECUNDARIO DE MATERIA - TERMINO TEMATICO
Término de materia o nombre geográfico como elemento de entrada CONCRETO -
Subdivisión general CONSTRUCCIONES
9 (RLIN) 2925
700 1# - ASIENTO SECUNDARIO--NOMBRE DE PERSONAL
Nombre de persona Morgen, Newlin Dolbey,
Término indicativo de función/relación coaut.
905 ## - TIPO DE MATERIAL
Tipo de material Libro
Holdings
Estado de retiro Estado de pérdida Fuente del sistema de clasificación o colocación Estado dañado No para préstamo Código de colección Localización permanente Ubicación/localización actual Ubicación en estantería Total de préstamos Clasificación Código de barras Fecha visto por última vez Número de copia Tipo de ítem Koha
    Library of Congress Classification     Colección General Bib. Gregorio Torres Quintero Bib. Gregorio Torres Quintero Planta baja   TA633 C7.2 12819 31/12/2020 1 Libro